Policy studies review (Бичлэгийн дугаар. 146107)
| 000 -УДИРДЛАГА | |
|---|---|
| Удирдлага | 00574nam a22002297a 4500 |
| 003 - ХЯНАЛТЫН ТОО ТОДОРХОЙЛОГЧ | |
| Код | MN-UlNUM |
| 005 - БИЧИЛТ ХИЙСЭН ОГНОО | |
| Тухайн бичилтийг бичсэн засварласан сүүлийн огноо | 20260107091540.0 |
| 008 - ЕРӨНХИЙ МЭДЭЭЛЭЛ | |
| Ерөнхий мэдээлэл | 260107d1992 ilu||||| |||| 00| 0 eng | |
| 040 ## - БИЧЛЭГ ҮҮСГЭГЧ БАЙГУУЛЛАГА | |
| Бичлэг үүсгэгч номын сангийн код | МУИС-ийн номын сан |
| 084 ## - ББК АНГИЛАЛ | |
| Нэмэлт тусгалт | Бусад |
| ББК ангилал | 60.54 |
| Зохиогчийн гурван тэмдэгт | P 80 |
| Мэдлэгийн ялгаа | 6 - Нийгэм |
| 245 00 - ҮНДСЭН ГАРЧИГ | |
| Номын нэр | Policy studies review |
| 246 ## - ЗЭРЭГЦЭЭ ГАРЧИГ | |
| Зэрэгцээ гарчиг | P.S.R. |
| 260 ## - ГАРАЛТЫН МЭДЭЭ | |
| Хэвлэгдсэн газар | Urbana, Ill. : |
| Хэвлэлийн газар | Policy Studies Organization, |
| Хэвлэгдсэн он | 1992. |
| 300 ## - МАТЕРИАЛЫН ТОДОРХОЙЛОЛТ | |
| хуудасны тоо | 201-448p.: |
| Хэмжээ | 23 cm |
| 500 ## - Тайлбар | |
| Дансны дугаар | БС 4794 |
| 546 ## - ХЭЛНИЙ ТУХАЙ МЭДЭЭ | |
| Хэл | Англи хэл дээр, |
| 653 ## - Түлхүүр үг | |
| Түлхүүр үг | policy sciences |
| 653 ## - Түлхүүр үг | |
| Түлхүүр үг | social sciences |
| 653 ## - Түлхүүр үг | |
| Түлхүүр үг | science politique |
| 942 ## - ЭЛЕМЕНТИЙН ТӨРӨЛ | |
| Зүйлийн төрөл | Ном |
